000
00329nam a2200133Ia 4500
999
_c
7031
_d
7031
008
200302s9999 xx 000 0 und d
082
_a
720.954
_b
SUN
100
_a
Pappal Sunja
245
_a
exploration of Architectural Journalism in India
260
_b
Copal Publishing Group
260
_c
2018
300
_a
160
942
_2
ddc